[Event "Prague Summer op 2nd"]
[Site "Prague"]
[Date "2015.08.12"]
[Round "7"]
[White "Nedoma, Marek"]
[Black "Lubbe, Alexander"]
[Result "1-0"]
[WhiteElo "1957"]
[BlackElo "1931"]
[PlyCount "35"]
[EventDate "2015.08.07"]
[EventType "swiss"]
[EventRounds "9"]
[EventCountry "CZE"]
[SourceTitle "CBM 167 Extra"]
[Source "ChessBase"]
[SourceDate "2015.09.14"]
[SourceVersion "1"]
[SourceVersionDate "2015.09.14"]
[SourceQuality "1"]

1. e4 d5 2. exd5 Qxd5 3. Nc3 Qa5 4. d4 Nf6 5. h3 Bf5 6. Nf3 Nc6 7. Bb5 0-0-0 8. Bxc6 bxc6 9. 0-0 c5 10. Ne5 Rxd4 11. Qf3 Be4 12. Nxe4 Rxe4 13. Nxf7 Rg8 14. Ng5 Re1 15. Be3 Rxf1+ 16. Rxf1 e5 17. Nxh7 Qxa2 18. Nxf8 1-0

[Event "Bremen-ch op"]
[Site "Bremen"]
[Date "2015.03.31"]
[Round "5"]
[White "Heldt, Nils Lennart"]
[Black "Lubbe, Alexander"]
[Result "1/2-1/2"]
[WhiteElo "1708"]
[BlackElo "1905"]
[PlyCount "90"]
[EventDate "2015.03.28"]
[EventType "swiss"]
[EventRounds "9"]
[EventCountry "GER"]
[SourceTitle "EXT 2018"]
[Source "ChessBase"]
[SourceDate "2017.10.13"]
[SourceVersion "1"]
[SourceVersionDate "2017.10.13"]
[SourceQuality "1"]

1. d4 Nf6 2. c4 c5 3. d5 e6 4. Nc3 exd5 5. cxd5 d6 6. e4 g6 7. f4 Qe7 8. Bb5+ Nbd7 9. Qe2 a6 10. Bxd7+ Nxd7 11. Nf3 Bg7 12. a4 0-0 13. 0-0 f5 14. Ng5 Bd4+ 15. Kh1 Nf6 16. e5 dxe5 17. Qc4 Kg7 18. fxe5 Ng4 19. Bf4 b5 20. Qe2 b4 21. d6 Qb7 22. Nd1 Qd5 23. e6 h6 24. e7 Re8 25. Nf3 g5 26. Bg3 f4 27. Bxf4 gxf4 28. h3 Nf6 29. Nxd4 Qxd4 30. Qf3 Ra7 31. Nf2 Bb7 32. Qd3 Ne4 33. Qxd4+ cxd4 34. d7 Ng3+ 35. Kg1 Raa8 36. dxe8Q Rxe8 37. Rfe1 Kf7 38. Nd3 Rxe7 39. Rxe7+ Kxe7 40. Nxf4 Kd6 41. Rd1 a5 42. Kh2 Ne4 43. Ne2 Nc5 44. Nxd4 Nxa4 45. Nb3+ Bd5 1/2-1/2

[Event "Prague Summer op 1st"]
[Site "Prague"]
[Date "2014.08.12"]
[Round "5"]
[White "Lubbe, Alexander"]
[Black "Plasek, Zdenek"]
[Result "1-0"]
[WhiteElo "1898"]
[BlackElo "2054"]
[PlyCount "63"]
[EventDate "2014.08.09"]
[EventType "swiss"]
[EventRounds "9"]
[EventCountry "CZE"]
[SourceTitle "CBM 162 Extra"]
[Source "ChessBase"]
[SourceDate "2014.10.17"]
[SourceVersion "1"]
[SourceVersionDate "2014.10.17"]
[SourceQuality "1"]

1. Nf3 c5 2. g3 Nc6 3. Bg2 g6 4. 0-0 Bg7 5. Nc3 e5 6. d3 Nge7 7. Ne4 d6 8. Bg5 h6 9. Bf6 0-0 10. Nfd2 Bxf6 11. Nxf6+ Kg7 12. Nd5 Nxd5 13. Bxd5 Bh3 14. Re1 Ne7 15. Bxb7 Rb8 16. Bh1 Rxb2 17. Nb3 Qb6 18. Qc1 Rxb3 19. axb3 a5 20. Qd2 Nc6 21. Ra4 f5 22. Rh4 g5 23. Rxh3 Rf6 24. Bxc6 Qxc6 25. Qxa5 g4 26. Rh4 Qd7 27. Ra1 Rf7 28. Qb6 Kg6 29. Ra6 Rf6 30. Ra7 Qc8 31. Qb7 Qf8 32. Qh7+ 1-0

[Event "Pardubice op-B2"]
[Site "Pardubice"]
[Date "2006.07.21"]
[Round "1"]
[White "Menshikov, Alexander"]
[Black "Lubbe, Alexander"]
[Result "1-0"]
[WhiteElo "2176"]
[BlackElo "1884"]
[PlyCount "35"]
[EventDate "2006.07.21"]
[EventType "swiss"]
[EventRounds "9"]
[EventCountry "CZE"]
[SourceTitle "CBM 113 Extra"]
[Source "ChessBase"]
[SourceDate "2006.09.14"]
[SourceVersion "1"]
[SourceVersionDate "2006.09.14"]
[SourceQuality "1"]

1. e4 d5 2. exd5 Qxd5 3. Nf3 Nf6 4. d4 Bg4 5. Be2 Nc6 6. c4 Qa5+ 7. Nbd2 Bxf3 8. Bxf3 Nxd4 9. 0-0 0-0-0 10. b4 Qe5 11. Nb3 Nxb3 12. Qxb3 Qxa1 13. Bb2 Qxf1+ 14. Kxf1 e6 15. Qa4 b6 16. Bc6 Bxb4 17. Qa6+ Kb8 18. Qb7# 1-0

[Event "Niedersachsen-ch U18"]
[Site "Rotenburg/Wuemme"]
[Date "2006.04.13"]
[Round "8"]
[White "Barrmeyer, Konstantin"]
[Black "Lubbe, Alexander"]
[Result "1/2-1/2"]
[WhiteElo "1963"]
[BlackElo "1881"]
[PlyCount "72"]
[EventDate "2006.04.08"]
[EventType "swiss"]
[EventRounds "9"]
[EventCountry "GER"]
[SourceTitle "EXT 2007"]
[Source "ChessBase"]
[SourceDate "2006.11.23"]
[SourceVersion "1"]
[SourceVersionDate "2006.11.23"]
[SourceQuality "1"]

1. d4 Nf6 2. c4 c5 3. d5 e6 4. Nc3 exd5 5. cxd5 d6 6. e4 g6 7. h3 Bg7 8. Nf3 0-0 9. Bd3 Nbd7 10. 0-0 Re8 11. Bf4 c4 12. Bc2 Nc5 13. Re1 a6 14. a4 Qb6 15. Rb1 Nh5 16. Bh2 Bh6 17. Qd4 g5 18. Nd2 Nxa4 19. Qxb6 Nxb6 20. Bxd6 g4 21. hxg4 Bxd2 22. gxh5 Bxe1 23. Rxe1 Bg4 24. h6 Rad8 25. Bc7 Nxd5 26. Bxd8 Nxc3 27. Bf6 Nd5 28. Bd4 Nb4 29. Bb1 Nd3 30. Bxd3 cxd3 31. f3 Bd7 32. Kf2 Re6 33. Be3 Ba4 34. Bd2 Rb6 35. Bc1 Rxb2+ 36. Bxb2 d2 1/2-1/2

[Event "Niedersachsen-ch"]
[Site "Verden"]
[Date "2006.01.08"]
[Round "7"]
[White "Lubbe, Alexander"]
[Black "Turner, Tassilo"]
[Result "1/2-1/2"]
[WhiteElo "1898"]
[BlackElo "2129"]
[PlyCount "61"]
[EventDate "2006.01.??"]
[EventType "swiss"]
[EventRounds "7"]
[EventCountry "GER"]
[SourceTitle "CBM 110 Extra"]
[Source "ChessBase"]
[SourceDate "2006.03.10"]
[SourceVersion "2"]
[SourceVersionDate "2006.03.10"]
[SourceQuality "1"]

1. d4 Nf6 2. e3 g6 3. Bd3 Bg7 4. Nf3 d6 5. Nbd2 Nbd7 6. c3 0-0 7. 0-0 e5 8. e4 Kh8 9. Nc4 Ng8 10. dxe5 dxe5 11. Re1 Qe7 12. b3 Rd8 13. Ba3 Nc5 14. Qc2 a5 15. Ne3 c6 16. Bc4 b5 17. Bf1 Ra7 18. Bxc5 Qxc5 19. a4 Bh6 20. axb5 cxb5 21. b4 axb4 22. Rxa7 Qxa7 23. cxb4 Be6 24. Nxe5 Bxe3 25. Rxe3 Qa1 26. Qc3 Qxc3 27. Rxc3 Rd4 28. Nc6 Rd1 29. Ne5 Rd4 30. Nc6 Rd1 31. Rd3 1/2-1/2

[Event "Niedersachsen-ch"]
[Site "Verden"]
[Date "2006.01.06"]
[Round "3"]
[White "Lubbe, Alexander"]
[Black "Pfeifer, Frank"]
[Result "0-1"]
[WhiteElo "1898"]
[BlackElo "1661"]
[PlyCount "74"]
[EventDate "2006.01.??"]
[EventType "swiss"]
[EventRounds "7"]
[EventCountry "GER"]
[SourceTitle "CBM 110 Extra"]
[Source "ChessBase"]
[SourceDate "2006.03.10"]
[SourceVersion "2"]
[SourceVersionDate "2006.03.10"]
[SourceQuality "1"]

1. e4 Nf6 2. Nc3 d5 3. e5 Nfd7 4. f4 Nb6 5. Nf3 Bf5 6. d3 e6 7. h3 h6 8. g4 Bh7 9. Qe2 c5 10. Bg2 Nc6 11. 0-0 c4 12. dxc4 Nxc4 13. b3 Bc5+ 14. Kh1 Nb6 15. a4 Bd4 16. Bb2 Rc8 17. Rad1 Bxc3 18. Bxc3 Ne7 19. Ba5 Bxc2 20. Rd2 Bxb3 21. Qb5+ Nc6 22. Bxb6 Qxb6 23. Rb2 Bxa4 24. Qxb6 axb6 25. Rxb6 Nd8 26. Ra1 Rc6 27. Rb4 b5 28. Bf1 Rc5 29. Nd4 0-0 30. Nxb5 Bxb5 31. Bxb5 Nc6 32. Bxc6 Rxc6 33. Ra7 Rc2 34. Kg1 g6 35. Kf1 Rh2 36. f5 Rc8 37. Rb1 Rh1+ 0-1

[Event "Niedersachsen-ch"]
[Site "Verden"]
[Date "2006.01.05"]
[Round "2"]
[White "Prenzler, Daniel"]
[Black "Lubbe, Alexander"]
[Result "1-0"]
[WhiteElo "2171"]
[BlackElo "1898"]
[PlyCount "39"]
[EventDate "2006.01.??"]
[EventType "swiss"]
[EventRounds "7"]
[EventCountry "GER"]
[SourceTitle "CBM 110 Extra"]
[Source "ChessBase"]
[SourceDate "2006.03.10"]
[SourceVersion "2"]
[SourceVersionDate "2006.03.10"]
[SourceQuality "1"]

1. Nf3 Nf6 2. d3 b6 3. g3 Bb7 4. Bg2 Nc6 5. 0-0 g6 6. e4 d6 7. Nc3 Bg7 8. Bg5 h6 9. Bd2 e5 10. a3 Qe7 11. Re1 0-0-0 12. Bh3+ Nd7 13. Nd5 Qf8 14. c4 Kb8 15. a4 f5 16. Nh4 Qf7 17. exf5 g5 18. Ng6 h5 19. Nxh8 Rxh8 20. Bxg5 1-0

[Event "Niedersachsen-ch U16"]
[Site "Rotenburg/Wuemme"]
[Date "2005.03.20"]
[Round "2"]
[White "Lubbe, Alexander"]
[Black "Abel, Dennes"]
[Result "0-1"]
[WhiteElo "1750"]
[BlackElo "2145"]
[PlyCount "64"]
[EventDate "2005.03.19"]
[EventType "swiss"]
[EventRounds "9"]
[EventCountry "GER"]
[SourceTitle "EXT 2007"]
[Source "ChessBase"]
[SourceDate "2006.11.23"]
[SourceVersion "1"]
[SourceVersionDate "2006.11.23"]
[SourceQuality "1"]

1. e4 c5 2. Nf3 Nc6 3. d4 cxd4 4. Nxd4 g6 5. Nc3 Bg7 6. Be3 Nf6 7. f3 0-0 8. Qd2 d5 9. 0-0-0 dxe4 10. Nxc6 Qxd2+ 11. Rxd2 bxc6 12. Nxe4 Nd5 13. Bc5 f5 14. Ng5 Bf6 15. Nh3 Nb6 16. Bd3 Bxb2+ 17. Kxb2 Na4+ 18. Kc1 Nxc5 19. Bc4+ Kg7 20. Re1 Kf6 21. Rde2 Re8 22. Re5 Na4 23. Be6 Nb6 24. c4 Nd7 25. Ra5 Nf8 26. Bxc8 Rexc8 27. g4 e6 28. g5+ Kf7 29. Nf4 Rc7 30. Rae5 Re8 31. h4 Rd7 32. h5 Rd4 0-1

[Event "GER-chT North U16"]
[Site "Syke"]
[Date "2004.09.17"]
[Round "3.2"]
[White "Lieder, Konrad"]
[Black "Lubbe, Alexander"]
[Result "1-0"]
[WhiteElo "1971"]
[BlackElo "1695"]
[PlyCount "81"]
[EventDate "2004.09.16"]
[EventType "team-swiss"]
[EventRounds "7"]
[EventCountry "GER"]
[SourceTitle "EXT 2006"]
[Source "ChessBase"]
[SourceDate "2005.11.24"]
[SourceVersion "1"]
[SourceVersionDate "2005.11.24"]
[SourceQuality "1"]

1. d4 d5 2. c4 e6 3. Nf3 c6 4. cxd5 exd5 5. Nc3 Bf5 6. e3 Nf6 7. Bd3 Ne4 8. Qc2 Bb4 9. 0-0 Bxc3 10. bxc3 0-0 11. a4 Nd7 12. Ba3 Re8 13. Rfe1 Bg6 14. c4 dxc4 15. Qxc4 Rc8 16. Rad1 Bh5 17. Qc2 Bxf3 18. gxf3 Qg5+ 19. Kh1 Nef6 20. Rg1 Qh5 21. Rg3 c5 22. Rc1 b6 23. Bf5 g6 24. dxc5 bxc5 25. Bb2 Rc6 26. Bd3 a6 27. Be2 Ne5 28. Rcg1 Ned7 29. Rg5 Qh4 30. Bc4 Nb6 31. Rxg6+ Kf8 32. Bxf6 Rxf6 33. R6g4 Qh5 34. Rg8+ Ke7 35. Qe4+ Re6 36. Rxe8+ Kxe8 37. Bxe6 fxe6 38. Qxe6+ Kd8 39. Qd6+ Ke8 40. Rg8+ Kf7 41. Rf8+ 1-0

[Event "GER-chT North U16"]
[Site "Syke"]
[Date "2004.09.16"]
[Round "1.2"]
[White "Szczap, Arthur"]
[Black "Lubbe, Alexander"]
[Result "0-1"]
[WhiteElo "1552"]
[BlackElo "1695"]
[PlyCount "109"]
[EventDate "2004.09.16"]
[EventType "team-swiss"]
[EventRounds "7"]
[EventCountry "GER"]
[SourceTitle "EXT 2006"]
[Source "ChessBase"]
[SourceDate "2005.11.24"]
[SourceVersion "1"]
[SourceVersionDate "2005.11.24"]
[SourceQuality "1"]

1. e4 d5 2. exd5 Qxd5 3. Nc3 Qa5 4. Nf3 Nf6 5. d3 Bg4 6. Bd2 c6 7. Be2 Nbd7 8. 0-0 e6 9. a3 Qc7 10. h3 h5 11. Ng5 Bxe2 12. Qxe2 Bd6 13. Nce4 Bf4 14. Rae1 Nxe4 15. Bxf4 Qxf4 16. Nxe4 0-0-0 17. g3 Qc7 18. b4 h4 19. Kh2 f6 20. c4 Ne5 21. Nc5 hxg3+ 22. fxg3 b6 23. Nxe6 Qd7 24. Nf4 g5 25. Nh5 g4 26. Nxf6 Nf3+ 27. Qxf3 Rxh3+ 28. Kg1 Qd4+ 29. Qf2 Rxg3+ 30. Kh2 Rh3+ 31. Kg2 Qxd3 32. Qf5+ Qxf5 33. Rxf5 Rd2+ 34. Kg1 Rg3+ 35. Kf1 Rh3 36. Re2 Rh1+ 37. Kg2 Rdd1 38. Nxg4 Rdg1+ 39. Kf3 Rh3+ 40. Kf2 Rxg4 41. Rf8+ Kd7 42. Rf7+ Kd6 43. Rxa7 Rxc4 44. Ree7 Rc2+ 45. Kg1 Kd5 46. Rad7+ Kc4 47. Rd6 Kb5 48. Re5+ c5 49. Re4 Rxa3 50. Rd1 c4 51. Re6 Rb3 52. Re5+ Kxb4 53. Ra1 Rbb2 54. Kf1 Rf2+ 55. Kg1 0-1

[Event "Niedersachsen-chT U16"]
[Site "Verden"]
[Date "2004.05.23"]
[Round "7.1"]
[White "Kohlmann, Arndt"]
[Black "Lubbe, Alexander"]
[Result "1-0"]
[WhiteElo "1727"]
[BlackElo "1718"]
[PlyCount "51"]
[EventDate "2004.05.20"]
[EventType "team"]
[EventRounds "7"]
[EventCountry "GER"]
[SourceTitle "EXT 2005"]
[Source "ChessBase"]
[SourceDate "2004.11.15"]
[SourceVersion "1"]
[SourceVersionDate "2004.11.15"]
[SourceQuality "1"]
[WhiteTeam "03"]
[BlackTeam "02"]
[WhiteTeamCountry "GER"]
[BlackTeamCountry "GER"]

1. e4 d5 2. exd5 Qxd5 3. Nc3 Qa5 4. Bc4 Nf6 5. d3 Bf5 6. Bd2 c6 7. Nf3 Qc7 8. Qe2 e6 9. 0-0-0 Nbd7 10. Nd4 Bg4 11. f3 Bc5 12. fxg4 Bxd4 13. g5 Ng8 14. Qg4 Be5 15. h4 b5 16. d4 bxc4 17. dxe5 Nxe5 18. Qe4 Ne7 19. Bf4 N7g6 20. Bh2 h5 21. Nb5 cxb5 22. Qxa8+ Ke7 23. Qe4 f6 24. Qxg6 Nxg6 25. gxf6+ gxf6 26. Bxc7 1-0

[Event "Niedersachsen-chT U16"]
[Site "Verden"]
[Date "2004.05.21"]
[Round "4.1"]
[White "Walther, Jakob"]
[Black "Lubbe, Alexander"]
[Result "1/2-1/2"]
[WhiteElo "1621"]
[BlackElo "1718"]
[PlyCount "34"]
[EventDate "2004.05.20"]
[EventType "team"]
[EventRounds "7"]
[EventCountry "GER"]
[SourceTitle "EXT 2005"]
[Source "ChessBase"]
[SourceDate "2004.11.15"]
[SourceVersion "1"]
[SourceVersionDate "2004.11.15"]
[SourceQuality "1"]
[WhiteTeam "07"]
[BlackTeam "02"]
[WhiteTeamCountry "GER"]
[BlackTeamCountry "GER"]

1. d4 d5 2. c4 e6 3. Nc3 c6 4. e3 Nf6 5. Nf3 Bd6 6. Bd3 Nbd7 7. 0-0 0-0 8. Qc2 dxc4 9. Bxc4 e5 10. b3 Re8 11. Bb2 b5 12. Bd3 Bb7 13. Rfd1 exd4 14. Nxd4 Qc7 15. h3 Nc5 16. Rac1 a6 17. Nce2 Rad8 1/2-1/2

[Event "GER-chT U16"]
[Site "Verden"]
[Date "2003.07.06"]
[Round "3.3"]
[White "Lubbe, Alexander"]
[Black "Romakin, Helene"]
[Result "0-1"]
[WhiteElo "1626"]
[BlackElo "1939"]
[PlyCount "113"]
[EventDate "2003.07.05"]
[EventType "team"]
[EventRounds "7"]
[EventCountry "GER"]
[SourceTitle "EXT 2005"]
[Source "ChessBase"]
[SourceDate "2004.11.15"]
[SourceVersion "1"]
[SourceVersionDate "2004.11.15"]
[SourceQuality "1"]

1. d4 Nf6 2. Bf4 e6 3. e3 c5 4. c3 Nc6 5. Nf3 b6 6. Nbd2 Bb7 7. Be2 Be7 8. h3 0-0 9. 0-0 Nd5 10. Bh2 f5 11. c4 Nf6 12. Nb3 d6 13. a3 Qe8 14. Ng5 Nd8 15. dxc5 dxc5 16. Bf3 Ne4 17. Nxe4 fxe4 18. Bh5 Nf7 19. Qc2 Qc6 20. Rad1 Nh6 21. Rd2 Rf5 22. Qd1 Ba6 23. Be2 Raf8 24. Rd7 R5f7 25. Rc7 Qa8 26. Qd2 Bh4 27. Rxf7 Rxf7 28. Qd6 Qe8 29. Nxc5 Be7 30. Qxe6 Bc8 31. Qxe4 Bf5 32. Qe5 bxc5 33. Bf4 Qf8 34. Bxh6 gxh6 35. e4 Bg6 36. Bg4 Bf6 37. Qd5 Kh8 38. e5 Bh4 39. e6 Rxf2 40. Qe5+ Kg8 41. Rxf2 Qxf2+ 42. Kh1 Qe1+ 43. Qxe1 Bxe1 44. Kg1 Bd3 45. b3 Bc2 46. Kf1 Bc3 47. Ke2 Bxb3 48. Kd3 Bb2 49. Bf3 Bxa3 50. Be4 Ba4 51. Bf5 a5 52. Be4 Be8 53. Kc2 Bg6 54. Bd3 Bxd3+ 55. Kxd3 a4 56. Kc2 Kf8 57. Kb1 0-1

[Event "GER-chT U16"]
[Site "Verden"]
[Date "2003.07.05"]
[Round "1.3"]
[White "Lubbe, Alexander"]
[Black "Maiwald, Claas"]
[Result "1-0"]
[WhiteElo "1626"]
[BlackElo "1195"]
[PlyCount "65"]
[EventDate "2003.07.05"]
[EventType "team"]
[EventRounds "7"]
[EventCountry "GER"]
[SourceTitle "EXT 2005"]
[Source "ChessBase"]
[SourceDate "2004.11.15"]
[SourceVersion "1"]
[SourceVersionDate "2004.11.15"]
[SourceQuality "1"]

1. d4 d5 2. Nf3 Nc6 3. e3 Bf5 4. c4 Nb4 5. Qa4+ Nc6 6. Nc3 e6 7. Ne5 Nge7 8. c5 a6 9. Bd2 f6 10. Nxc6 Nxc6 11. b4 Qd7 12. Rc1 Be7 13. b5 axb5 14. Qxa8+ Nd8 15. Bxb5 c6 16. Be2 0-0 17. g4 Bg6 18. Qb8 Nf7 19. Qg3 Ng5 20. h4 Ne4 21. Nxe4 Bxe4 22. f3 Bg6 23. h5 Bf7 24. Rb1 h6 25. Rb2 Kh8 26. Kf2 Kg8 27. Rhb1 Qe8 28. Rxb7 Kh8 29. Rb8 Bd8 30. Ba5 Qe7 31. Bxd8 Rxd8 32. Rxd8+ Qxd8 33. Rb8 1-0

[Event "GER-ch U14"]
[Site "Winterberg"]
[Date "2002.05.23"]
[Round "8"]
[White "Cara, Bogdan"]
[Black "Lubbe, Alexander"]
[Result "1/2-1/2"]
[WhiteElo "1694"]
[BlackElo "1652"]
[PlyCount "125"]
[EventDate "2002.05.19"]
[EventType "swiss"]
[EventRounds "9"]
[EventCountry "GER"]
[SourceTitle "CBM 088 Extra"]
[Source "ChessBase"]
[SourceDate "2002.07.01"]
[SourceVersion "2"]
[SourceVersionDate "2002.07.01"]
[SourceQuality "1"]

1. e4 d5 2. exd5 Qxd5 3. Nc3 Qa5 4. d4 Nf6 5. Bc4 Bg4 6. Nf3 c6 7. 0-0 Nbd7 8. a3 e6 9. Bd2 Qb6 10. Bc1 Bd6 11. Be2 Qc7 12. h3 Bh5 13. Re1 Nd5 14. Ne4 Bf4 15. c4 Bxc1 16. Rxc1 Nf4 17. Bf1 Nf6 18. Nxf6+ gxf6 19. g3 Rg8 20. Kh1 0-0-0 21. gxf4 Qxf4 22. Be2 Bxf3+ 23. Bxf3 Rxd4 24. Qb3 Qh4 25. Bg2 Qxf2 26. Rg1 Rg3 27. Rc3 Rg5 28. Rc2 Qh4 29. Rc3 Rdg4 30. Qc2 Rg3 31. Qd2 Rxc3 32. Qxc3 Rg3 33. Qc2 Rg4 34. Bf1 Rxg1+ 35. Kxg1 Qg3+ 36. Qg2 Qg5 37. Kh2 Kd7 38. Qf2 Qe5+ 39. Kg2 f5 40. b4 b6 41. Qg3 Qb2+ 42. Kg1 Qd4+ 43. Kh1 f4 44. Qd3 Qxd3 45. Bxd3 f5 46. c5 Ke7 47. Ba6 e5 48. Bb7 Kd7 49. Kg2 e4 50. Kf2 Kc7 51. Ba8 b5 52. h4 h5 53. Ke2 f3+ 54. Ke3 f4+ 55. Kf2 a6 56. Ke1 e3 57. Kf1 f2 58. Ke2 f3+ 59. Kf1 Kd7 60. Bb7 Kc7 61. Ba8 Kd7 62. Bb7 Kc7 63. Ba8 1/2-1/2

[Event "GER-ch U14"]
[Site "Winterberg"]
[Date "2002.05.21"]
[Round "5"]
[White "Lubbe, Alexander"]
[Black "Wenger, Carsten"]
[Result "1-0"]
[WhiteElo "1652"]
[BlackElo "1696"]
[PlyCount "137"]
[EventDate "2002.05.19"]
[EventType "swiss"]
[EventRounds "9"]
[EventCountry "GER"]
[SourceTitle "CBM 088 Extra"]
[Source "ChessBase"]
[SourceDate "2002.07.01"]
[SourceVersion "2"]
[SourceVersionDate "2002.07.01"]
[SourceQuality "1"]

1. d4 d5 2. Nf3 Nf6 3. e3 Bg4 4. c4 e6 5. Qb3 Qc8 6. Ne5 Bf5 7. Nc3 c6 8. Be2 Nbd7 9. Nxd7 Qxd7 10. c5 Be7 11. 0-0 0-0 12. Qd1 Rfe8 13. f3 Bd8 14. Bd3 Bxd3 15. Qxd3 Bc7 16. e4 e5 17. exd5 Nxd5 18. dxe5 Rxe5 19. Bf4 Rh5 20. Bxc7 Qxc7 21. g3 Re8 22. Ne4 Qd7 23. Rae1 Rhe5 24. f4 R5e6 25. Ng5 Rg6 26. Rxe8+ Qxe8 27. Qe4 Qxe4 28. Nxe4 Re6 29. Nd6 b6 30. Nc8 bxc5 31. Nxa7 Nb6 32. Kf2 Kf8 33. Rc1 c4 34. b3 Ke7 35. bxc4 Kd7 36. c5 Nd5 37. Rb1 Kc7 38. Rd1 Kb7 39. Nb5 cxb5 40. Rxd5 Kc6 41. Rh5 h6 42. Kf3 Re1 43. Re5 Rxe5 44. fxe5 Kxc5 45. Ke4 Kb4 46. Kd5 Ka3 47. Kc5 Ka4 48. a3 h5 49. h3 g5 50. Kb6 b4 51. axb4 Kxb4 52. Kc6 Kc4 53. Kd6 Kd4 54. e6 fxe6 55. Kxe6 Ke4 56. Kf6 g4 57. hxg4 hxg4 58. Kg5 Kf3 59. Kh4 Ke4 60. Kxg4 Ke5 61. Kg5 Ke6 62. g4 Kf7 63. Kf5 Kg7 64. Kg5 Kf8 65. Kh6 Kg8 66. g5 Kh8 67. g6 Kg8 68. g7 Kf7 69. Kh7 1-0

[Event "GER-ch U14"]
[Site "Winterberg"]
[Date "2002.05.19"]
[Round "2"]
[White "Kaeck, Ralf"]
[Black "Lubbe, Alexander"]
[Result "1-0"]
[WhiteElo "1515"]
[BlackElo "1652"]
[PlyCount "39"]
[EventDate "2002.05.19"]
[EventType "swiss"]
[EventRounds "9"]
[EventCountry "GER"]
[SourceTitle "CBM 088 Extra"]
[Source "ChessBase"]
[SourceDate "2002.07.01"]
[SourceVersion "2"]
[SourceVersionDate "2002.07.01"]
[SourceQuality "1"]

1. d4 d5 2. c4 c6 3. Nc3 Nf6 4. Bf4 e6 5. e3 Bb4 6. Bd3 Nbd7 7. Nf3 dxc4 8. Bxc4 Nb6 9. Qd3 Nbd5 10. Bg5 Qa5 11. Rc1 Nxc3 12. bxc3 Ba3 13. Rc2 Nd7 14. Bf4 b5 15. Bb3 c5 16. Qe4 Nb6 17. dxc5 Bxc5 18. Qc6+ Bd7 19. Qxc5 Rc8 20. Qb4 1-0

[Event "GER-chT U12"]
[Site "Seifhennersdorf"]
[Date "2001.12.29"]
[Round "6.1"]
[White "Lubbe, Alexander"]
[Black "Lieder, Konrad"]
[Result "1/2-1/2"]
[WhiteElo "1572"]
[BlackElo "1672"]
[PlyCount "62"]
[EventDate "2001.12.27"]
[EventType "team"]
[EventRounds "7"]
[EventCountry "GER"]
[SourceTitle "EXT 2003"]
[Source "ChessBase"]
[SourceDate "2002.11.25"]
[SourceVersion "1"]
[SourceVersionDate "2002.11.25"]
[SourceQuality "1"]

1. d4 d5 2. Nf3 Nf6 3. e3 e6 4. Bd3 Bd6 5. Nbd2 0-0 6. Ne5 Nbd7 7. f4 c5 8. c3 b6 9. 0-0 Bb7 10. g4 Ne4 11. Bxe4 dxe4 12. g5 Bxe5 13. dxe5 Nxe5 14. fxe5 Qxg5+ 15. Kh1 Qxe3 16. Nc4 Qh3 17. Nd6 Bc6 18. Qe2 f6 19. exf6 Rxf6 20. Rxf6 gxf6 21. Be3 Qf3+ 22. Qg2+ Qxg2+ 23. Kxg2 Rd8 24. Rd1 Kf8 25. Rd2 Ke7 26. Nc4 Rxd2+ 27. Nxd2 e5 28. Kg3 f5 29. b3 f4+ 30. Bxf4 exf4+ 31. Kxf4 Kf6 1/2-1/2